1971: Fact and Fiction 4e (Record no. 327596)
[ view plain ]
| 000 -LEADER | |
|---|---|
| fixed length control field | 00349 a2200133 4500 |
| 001 - CONTROL NUMBER | |
| control field | 92523 |
| 003 - CONTROL NUMBER IDENTIFIER | |
| control field | NUST |
| 005 - DATE AND TIME OF LATEST TRANSACTION | |
| control field | 20180120143156.0 |
| 008 - FIXED-LENGTH DATA ELEMENTS--GENERAL INFORMATION | |
| fixed length control field | 180120b xxu||||| |||| 00| 0 eng d |
| 082 ## - DEWEY DECIMAL CLASSIFICATION NUMBER | |
| Classification number | 954.9205/AFR |
| 100 ## - MAIN ENTRY--PERSONAL NAME | |
| Personal name | Afrasiab |
| 9 (RLIN) | 9224 |
| 245 ## - TITLE STATEMENT | |
| Title | 1971: Fact and Fiction 4e |
| Remainder of title | Views and Perception in Pakistan, India And Bangladesh |
| 250 ## - EDITION STATEMENT | |
| Edition statement | 4 |
| 260 ## - PUBLICATION, DISTRIBUTION, ETC. | |
| Place of publication, distribution, etc. | Lahoe |
| Name of publisher, distributor, etc. | Makhdooms |
| Date of publication, distribution, etc. | 2015 |
| 300 ## - PHYSICAL DESCRIPTION | |
| Extent | 632p. |
| 942 ## - ADDED ENTRY ELEMENTS (KOHA) | |
| Institution code [OBSOLETE] | CAE NUST |
| Koha item type | Book |
| Call number prefix | 954.9205/AFR |
| Source of classification or shelving scheme | |
| Withdrawn status | Lost status | Damaged status | Not for loan | Collection code | Permanent Location | Current Location | Date acquired | Total Checkouts | Full call number | Barcode | Date last seen | Price effective from | Koha item type |
|---|---|---|---|---|---|---|---|---|---|---|---|---|---|
| College of Aeronautical Engineering (CAE) | College of Aeronautical Engineering (CAE) | 04/03/2017 | 954.9205/AFR | CAEG-10001 | 04/05/2017 | 04/05/2017 | Book |
